Personnage historique selon la description wikipédia - Statistiques

Statistiques générales
  • Ce quiz a été pris 101 fois
  • Le résultat moyen est 11 sur 20
Statistiques - réponses
Description Réponse % Correct
[…] est un homme d’État britannique et Premier ministre durant la Seconde Guerre mondiale. Il est célèbre pour son leadership inébranlable face au nazisme, ses talents d’écrivain et son rôle dans la victoire alliée. Winston Churchill
96%
[…] est un compositeur et pianiste d’origine allemande né en 1770. Il est un pilier du classicisme et romantisme, célèbre pour ses symphonies, notamment la 9ᵉ. Il est connu pour sa surdité. Ludwig van Beethoven
93%
[…] est un révolutionnaire chinois, fondateur et dirigeant de la République populaire de Chine entre 1949 et 1976. Il est l'instigateur du Grand Bond en avant et de la Révolution culturelle mais reste une figure controversée. Mao Zedong
82%
[…] est la souveraine du Royaume-Uni entre 1837 et 1901. Elle est la figure du XIXᵉ siècle et donna son nom à une ère connu pour l’industrialisation, l’expansion coloniale et le renforcement de la monarchie constitutionnelle. Reine Victoria
81%
[…] est un général carthaginois, tacticien hors pair de la Seconde guerre punique, célèbre pour sa traversée des Alpes avec des éléphants de guerres et ses victoires sur Rome. Hannibal Barca
76%
[…] est le fondateur de l’Empire mongol au XIIe siècle. Il unit les tribus nomades, conquiert de vastes territoires en Asie et en Europe, invente des structures militaires et administratives efficaces. Il construit l’un des plus grands empires de l’Histoire. Gengis Khan
71%
[…] est l’un des apôtres de Jésus-Christ, premier évêque de Rome et pape selon la tradition, il est un martyr considéré comme fondateur du christianisme occidental et figure d’unité de l’Église. Saint Pierre
70%
[…] est un réalisateur anglo-américain, « maître du suspense », auteur de films cultes comme Psychose et Fenêtre sur cour, il redéfinit le cinéma moderne avec 53 longs-métrages. Alfred Hitchcock
66%
[…] est l’empereur du Japon de 1926 à 1989. Il est une figure sacrée, symbole de la reddition en 1945 ; son règne marque la transformation radicale du Japon impérial en puissance démocratique moderne. Hirohito
64%
[…] est un poète français prodige, figure du symbolisme, auteur de vers novateurs et de correspondances fulgurantes, il bouleverse la poésie mais ne devient reconnu qu'après sa mort. Arthur Rimbaud
62%
[…] est un moine et théologien allemand qui a déclenche la Réforme en 1517 par ces 95 thèses. Il conteste le pouvoir papal, traduit la Bible en allemand et instaure le protestantisme. Martin Luther
57%
[…] est un conquistador espagnol qui s’impose à l’Empire aztèque au début du 16e siècle pour Charles Quint, il fonde la Nouvelle-Espagne et transforme durablement l’Amérique et la colonisation. Herman Cortes
51%
[…] est la reine de France puis d’Angleterre, elle influence la politique européenne, patronne des arts et des croisades, elle est l’une des femmes les plus puissantes et influentes du Moyen Âge. Aliénor d'Aquitaine
50%
[…] est un poète, homme d'État et intellectuel sénégalais, cofondateur du mouvement de la négritude, il devient le premier président du Sénégal indépendant entre 1960 et 1980. Il est le premier Africain membre de l’Académie française. Léopold Sédar Senghor
33%
[…] est un peintre et graveur néerlandais, maître du clair-obscur et de l’expression humaine, son œuvre, notamment ses autoportraits, fait de lui l’un des plus grands artistes de l’âge d’or hollandais. Rembrandt
32%
[…] est un philosophe prussien né en 1724, fondateur du criticisme avec ses trois Critiques, instigateur de l’impératif catégorique : il révolutionne éthique, métaphysique et raison, influençant toute la philosophie moderne. Emmanuel Kant
22%
[…] est le roi de Macédoine de 359 à 336 av. J.-C. Il pacifie la Grèce, modernise l’armée et prépare l’hégémonie de la Macédoine à travers son fils Alexandre le Grand. Philippe II de Macédoine
22%
[…] est un sultan ottoman dit « le Conquérant » qui prend Constantinople en 1453 et finalise la chute byzantine. Il réforme l’État ottoman et signe la naissance d’un empire puissant et durable. Mehmed II
19%
[…] est un des général d’Alexandre le Grand et fondateur de la dynastie lagide en Égypte. Il instaure Alexandrie comme centre culturel et scientifique en Méditerrané antique. Ptolémée Ier
19%
[…] est duc de Saxe puis roi de Germanie et empereur du Saint-Empire romain germanique qu’il fonde en 962. Il consolide par la l’Église et l’empire. Otton Ier
14%
Aucun quiz correspondant
Distribution des résultats
% des personnes avec chaque résultat
Percentile par nombre de réponses
Votre historique - résultats
Vous n’avez pas pris ce quiz